[Event "Wiesbaden op 30th"]
[Site "Wiesbaden"]
[Date "2018.08.26"]
[Round "6"]
[White "Lehmann, Wolfgang"]
[Black "Michalski, Uwe"]
[Result "0-1"]
[WhiteElo "1615"]
[BlackElo "1860"]
[PlyCount "102"]
[EventDate "2018.08.23"]
[EventType "swiss"]
[EventRounds "7"]
[EventCountry "GER"]
[SourceTitle "CBM 186 Extra"]
[Source "ChessBase"]
[SourceDate "2018.08.24"]
[SourceVersion "1"]
[SourceVersionDate "2018.08.24"]
[SourceQuality "1"]

1. d4 g6 2. Nf3 Bg7 3. e4 d6 4. Nc3 b6 5. g3 Bb7 6. Bg2 e6 7. 0-0 Ne7 8. Re1 0-0 9. a3 Nd7 10. Be3 e5 11. dxe5 Nxe5 12. Nxe5 Bxe5 13. Bd4 c5 14. Bxe5 dxe5 15. Qxd8 Raxd8 16. Rad1 Nc6 17. Nd5 b5 18. c3 c4 19. h4 Na5 20. Kf1 Nb3 21. Bf3 Nc5 22. Be2 Nxe4 23. Bf3 Bxd5 24. Bxe4 Bxe4 25. Rxd8 Rxd8 26. Rxe4 f6 27. Re2 Kf7 28. Kg2 Rd5 29. f3 h5 30. Kf2 f5 31. Rc2 Kf6 32. Ke2 g5 33. hxg5+ Kxg5 34. Rc1 e4 35. fxe4 fxe4 36. Rf1 Rd3 37. Rf4 Rxg3 38. Rxe4 Rg2+ 39. Kf3 Rxb2 40. Re5+ Kg6 41. Re6+ Kf5 42. Rh6 Kg5 43. Rh7 Rb3 44. Rxa7 Rxc3+ 45. Kg2 Rb3 46. a4 bxa4 47. Rxa4 c3 48. Rc4 Rb2+ 49. Kg1 c2 50. Rc5+ Kf4 51. Rc4+ Ke5 0-1

[Event "Rheinland Pfalz op 6th"]
[Site "Gau Algesheim"]
[Date "2014.06.21"]
[Round "6"]
[White "Michalski, Uwe"]
[Black "Knapp, Michael"]
[Result "0-1"]
[WhiteElo "1784"]
[BlackElo "1978"]
[PlyCount "72"]
[EventDate "2014.06.19"]
[EventType "swiss"]
[EventRounds "7"]
[EventCountry "GER"]
[SourceTitle "CBM 161 Extra"]
[Source "ChessBase"]
[SourceDate "2014.08.29"]
[SourceVersion "1"]
[SourceVersionDate "2014.08.29"]
[SourceQuality "1"]

1. c4 Nf6 2. g3 e6 3. Bg2 d5 4. Nf3 Be7 5. 0-0 0-0 6. b3 b6 7. Bb2 Nbd7 8. Qc2 Bb7 9. d3 c5 10. e3 Qc7 11. Nc3 Rac8 12. Ne2 e5 13. cxd5 Bxd5 14. e4 Be6 15. Ng5 Qd6 16. f4 Bg4 17. h3 h6 18. Nxf7 Rxf7 19. fxe5 Nxe5 20. Bxe5 Qxe5 21. hxg4 Nxg4 22. Rxf7 Kxf7 23. Rf1+ Bf6 24. Qc4+ Ke7 25. d4 Qh5 26. Rf3 Bg5 27. Nf4 Bxf4 28. gxf4 Qh4 29. e5 Qe1+ 30. Bf1 Qd2 31. Be2 Ne3 32. Qd3 Qe1+ 33. Bf1 cxd4 34. Rxe3 Qxe3+ 35. Qxe3 dxe3 36. Kg2 Rc2+ 0-1